000 00832nam a22002537a 4500
001 9782
003 FISKH
005 20260224095918.0
008 260224b cb ||||| |||| 00| 0 eng d
040 _aFISKH
_beng
_cFISKH
_dFISKH
082 _a 596.9
100 _aPlowden , Lady
245 _aAnimals with shells /
_cBy Lady Plowden
260 _aLondon :
_bMacdonald Educationsal ,
_c1969 .
300 _a59 pages :
_bcolor illustrations ;
_c22 cm .
505 _aR
520 _aAnimals with Shells is a nonfiction book that explains different kinds of animals that have shells and why shells are important for their survival.
521 8 _a750
_bLexile
521 8 _aR
_bRaz-Plus
650 _aAnimals
_vChildren's books
650 _aBiology
_vChildren's books
942 _2ddc
_cBK
_n0
999 _c9782
_d9782